[Event "48th Bosna Tournament 2018"]
[Site "Sarajevo"]
[Date "2018.05.06"]
[Round "3"]
[White "Diermair, Andreas"]
[Black "Bistric, Faruk"]
[Result "1-0"]
[WhiteElo "2504"]
[BlackElo "2346"]
[Annotator "TA"]
[PlyCount "85"]
[EventDate "2018.??.??"]
[EventType "swiss"]
[EventCountry "BIH"]
[SourceTitle "playchess.com"]
[Source "ChessBase"]
[SourceQuality "1"]

{[%evp 15,85,63,82,70,68,48,87,68,71,63,80,39,45,32,46,31,53,38,77,62,85,87,79,78,80,61,86,74,81,74,81,74,85,79,88,68,232,240,251,196,247,245,231,241,300,268,332,323,347,291,538,522,533,406,368,337,325,306,290,150,162,163,154,128,718,699,687,666,994,940,2950,1902]} 1. d4 Nf6 2. c4 c5 3. d5 e5 4. Nc3 d6 5. e4 Nbd7 6. g3 {[%cal Bg2g3,Bg3g4][%mdl 32]} g6 7. Bg2 Bg7 8. Nge2 O-O {LiveBook: 28 Games} 9. h3 {E72: King's Indian: 4 e4 d6 5 g3} (9. O-O a6 10. a4 Ng4 11. f3 Nh6 12. Be3 f5 13. Qd2 Nf7 14. exf5 gxf5 15. f4 Nf6 16. fxe5 Nxe5 {1-0 (39) Carlsen,M (2714)-Korotylev,A (2600) Moscow 2007}) 9... Ne8 10. g4 Kh8 $146 ({Predecessor:} 10... Bf6 11. Bh6 Ng7 12. Qd2 Bh4 13. Ng3 Kh8 14. Nce2 Nf6 15. Ng1 Ng8 16. Nf3 Bxg3 17. fxg3 Nxh6 18. Qxh6 {½-½ (76) Chueca Forcen,A (2276)-Goormachtigh,J (2242) Benidorm 2008}) 11. g5 {White is better.} f5 12. h4 f4 {Threatens to win with ...f3.} 13. Qd3 h5 14. gxh6 Bxh6 15. Bd2 Rf7 16. O-O-O Nf8 17. Bh3 Nf6 18. Ng1 a6 19. Bxc8 Rxc8 20. Nf3 Qe8 21. a4 b6 22. Kc2 Rcc7 23. Ra1 Rb7 24. Qf1 Rh7 25. Qh3 (25. Qg2 {feels hotter.} Nh5 26. b3 Kg8 27. Rh2 Rh8 28. Rah1) 25... b5 $2 {[#]} (25... Rbg7 $14) 26. axb5 $1 $18 axb5 27. cxb5 Rxb5 (27... Qb8 {might work better.} 28. Ra5 Ra7) 28. Nxb5 Qxb5 29. Qf1 c4 {Strongly threatening ...Qb3+.} 30. Qe2 Rc7 {intending ...Qb3+.} 31. Bc3 N8d7 32. Nd2 f3 $2 (32... Nc5 33. Ra5 (33. Qxc4 Qxc4 34. Nxc4 Ncxe4 $16) 33... Qb8) 33. Qxf3 Kg7 {Black hopes to continue with ...Bxd2.} 34. Ra5 Qb6 35. Ra3 {aiming for Ba5.} Bxd2 36. Bxd2 ({Less strong is} 36. Kxd2 Nc5 $16) 36... Rb7 37. Bc3 ({Better is} 37. Rb1 $18) 37... Nc5 $16 38. h5 Ncxe4 {[#]} 39. Rg1 $1 {[%cal Rg1g6]} Nxh5 $2 {[%mdl 8192] [#]} (39... g5 $16 40. Qf5 Qxf2+ 41. Qxf2 Nxf2) 40. Rxg6+ $3 $18 {[%mdl 512] White is clearly winning.} Kxg6 41. Qxe4+ Kf7 42. Qf5+ Nf6 43. Ra1 {Precision: White = 63%, Black = 34%.} 1-0

[Event "48th Bosna Tournament 2018"]
[Site "Sarajevo"]
[Date "2018.05.06"]
[Round "3"]
[White "Kalezic, Blazo"]
[Black "Sitnic, Adnan"]
[Result "1-0"]
[WhiteElo "2463"]
[BlackElo "2187"]
[Annotator "TA"]
[PlyCount "45"]
[EventDate "2018.??.??"]
[EventType "swiss"]
[EventCountry "BIH"]
[SourceTitle "playchess.com"]
[Source "ChessBase"]
[SourceQuality "1"]

{[%evp 21,45,175,167,162,237,227,227,179,343,326,345,220,206,190,414,454,592,641,702,718,946,923,1820,1840,2375,2304]} 1. e4 Nc6 2. Nf3 d6 3. d4 Nf6 4. Nc3 Bg4 {[%cal Bc8g4,Bg4h5,Bh5g6][%mdl 32]} 5. Be3 e6 6. h3 Bh5 7. d5 exd5 8. exd5 Ne5 9. g4 Nxf3+ {B00: Queen's Fianchetto Defence, Nimzowitsch Defence} 10. Qxf3 Bg6 11. O-O-O Be7 {LiveBook: 6 Games. White is clearly better.} 12. h4 {[#] Black must now prevent h5.} h6 (12... h5 $142) 13. Bd4 O-O $146 ({Predecessor:} 13... a6 14. h5 Bh7 15. g5 hxg5 16. h6 g6 17. Re1 {1-0 (30) Kapnisis,S (2449)-Papadatos,I (2128) Paleochora 2013}) 14. Qg2 c5 $2 (14... Nd7) 15. dxc6 $18 bxc6 16. f4 {Threatens to win with h5.} ({Less strong is} 16. Qxc6 Nxg4 17. Rg1 h5 $16) 16... c5 {[#]} 17. Bxc5 $1 {[%mdl 512] aiming for f5.} Qa5 $2 (17... Rc8) (17... dxc5 18. Rxd8) 18. Bd4 Bh7 {White is clearly winning.} 19. g5 {[%cal Bg4g5,Bg5h6][%mdl 32]} Nh5 20. Nd5 Rae8 21. gxh6 f6 22. Be2 Qa4 23. Bxh5 {Precision: White = 64%, Black = 13%.} 1-0

[Event "48th Bosna Tournament 2018"]
[Site "Sarajevo"]
[Date "2018.05.06"]
[Round "3"]
[White "Radovanovic, Nikola"]
[Black "Predke, Alexandr"]
[Result "0-1"]
[WhiteElo "2438"]
[BlackElo "2603"]
[Annotator "TA"]
[PlyCount "88"]
[EventDate "2018.??.??"]
[EventType "swiss"]
[EventCountry "BIH"]
[SourceTitle "playchess.com"]
[Source "ChessBase"]
[SourceQuality "1"]

{[%evp 14,88,25,22,23,11,10,6,17,0,0,-14,-10,-9,-11,-20,-12,-8,-8,-24,-23,-22,-9,-14,-14,-25,0,0,0,-28,-29,-29,-31,-40,-32,-40,-45,-57,-25,-39,-34,-34,-34,-34,-34,-34,-34,-34,-34,-43,-36,-43,-25,-20,-16,-20,-23,-27,0,-40,-19,-66,-65,-99,-65,-105,-113,-122,-116,-150,-150,-150,-147,-225,-247,-247,-247]} 1. e4 e5 2. Nf3 Nc6 3. Bc4 Bc5 4. O-O Nf6 5. d3 a6 6. a4 {C50: Hungarian Defence and Giuoco Pianissimo} d6 7. c3 Ba7 8. Nbd2 {[%cal Bb1d2,Bd2f1,Bf1e3][%mdl 32] LiveBook: 35 Games. White has an edge.} Nh5 $146 ({Predecessor:} 8... O-O 9. h3 Be6 10. Bxe6 {½-½ (10) Demchenko,A (2645)-Kramnik,V (2803) Tbilisi 2017}) 9. Re1 Qf6 10. Nf1 Bg4 11. Be3 Nf4 {next ...Nh3+! is good for Black.} 12. Bxf4 Qxf4 13. Ne3 Bxf3 14. Qxf3 Qxf3 15. gxf3 Ne7 16. Nd5 Nxd5 17. Bxd5 Rb8 18. Rad1 c6 19. Ba2 b5 20. axb5 axb5 21. Ra1 Bb6 22. Bb3 Rf8 23. Kg2 Kd7 24. f4 f5 25. fxe5 dxe5 {Strongly threatening ...fxe4.} 26. f3 Rf6 27. exf5 Rxf5 28. Re4 Rbf8 29. Rf1 R8f6 30. Rg4 g6 31. Bd1 Be3 32. Rh4 Rf7 33. Bb3 Rg7 (33... Rg5+ {is more complex.} 34. Kh1 Re7 35. Ra1 Rf5 36. Kg2 Kd6) 34. Ra1 Kd6 35. Re4 Bf4 36. Re2 Rh5 37. Kh1 Rh3 38. Rf1 g5 39. d4 exd4 {Hoping for ...Re7.} 40. cxd4 Re7 $36 {[%mdl 2048] Black is in control.} 41. Ref2 Re3 {Black is clearly better.} 42. Bc2 {[#]} Rexf3 $1 {[%mdl 512]} 43. Rxf3 (43. Bf5 $17 {was worth a try.} Rxh2+ 44. Rxh2 Rxf1+ 45. Kg2) 43... Rxh2+ $19 44. Kg1 {aiming for R1f2.} Rxc2 {Precision: White = 38%, Black = 66%.} 0-1

[Event "48th Bosna Tournament 2018"]
[Site "Sarajevo"]
[Date "2018.05.06"]
[Round "3"]
[White "Ivic, Velimir"]
[Black "Kozul, Zdenko"]
[Result "1/2-1/2"]
[WhiteElo "2405"]
[BlackElo "2597"]
[Annotator "TA"]
[PlyCount "81"]
[EventDate "2018.??.??"]
[EventType "swiss"]
[EventCountry "BIH"]
[SourceTitle "playchess.com"]
[Source "ChessBase"]
[SourceQuality "1"]

{[%evp 20,81,16,-1,0,0,3,0,0,0,62,-29,48,14,13,0,29,24,9,8,27,40,29,37,33,26,14,27,116,125,278,271,262,254,343,213,274,268,607,260,243,239,222,161,166,145,143,60,68,37,37,37,37,37,37,37,37,37,37,37,37,37,44,37]} 1. e4 c5 2. Nf3 d6 3. d4 cxd4 4. Nxd4 Nf6 5. Nc3 Nc6 6. Bg5 e6 7. Qd2 a6 8. O-O-O Bd7 9. f3 b5 10. Nxc6 Bxc6 11. g4 {LiveBook: 3 Games. B67: Sicilian: Richter-Rauzer: 7...a6 8 0-0-0 Bd7, lines without 9 f4 Be7} (11. Ne2 Bb7 12. Kb1 Be7 13. h4 O-O 14. g4 Rc8 15. Nd4 Nd7 16. Bxe7 Qxe7 17. Qe3 b4 18. g5 Nc5 {1-0 (32) Leko,P (2693)-Kozul,Z (2613) Tallinn 2016}) 11... Rc8 12. Kb1 Be7 13. a3 $146 {The position is equal.} ({Predecessor:} 13. Be3 b4 14. Ne2 Nxg4 15. fxg4 Bxe4 16. Ng3 Bxc2+ 17. Ka1 Bxd1 18. Qxd1 {1-0 (48) Bulanov,D (2379)-Anisimov,P (2532) Peterhof 2010}) 13... O-O 14. h4 Qc7 ({Black should try} 14... d5 $11) 15. Bd3 ({Better is} 15. h5 $1 $14) 15... Qb7 (15... Rb8 $11) 16. Ne2 d5 $1 {[%cal Rd5e4]} 17. e5 Ne4 $1 {[%cal Re4d2]} 18. Qe3 (18. fxe4 dxe4 19. Bxb5 Bxb5 $15) 18... Bc5 19. Nd4 f6 20. Bf4 Bxd4 21. Qxd4 fxe5 $1 22. Qxe5 Nf2 $1 {[%csl LRd1,LRh1] Strongly threatening ...d4.} 23. h5 {[%cal Bh4h5,Bh5h6][%mdl 32]} ({Much weaker is} 23. Qxe6+ Rf7 $17) 23... Rxf4 ({Much less strong is} 23... Nxd1 24. h6 $15) (23... Nxh1 $11 {keeps the balance.} 24. Rxh1 Qf7) 24. Qxf4 $16 Qe7 $2 {[#]} (24... Nxh1 $16 {is a better defense.} 25. Rxh1 Qc7 26. Qxc7 Rxc7) 25. h6 $1 $18 {[%cal Rh6g7] Black must now prevent hxg7!} g6 26. Qe5 Rf8 27. g5 Be8 28. f4 Bd7 $2 {[#]} (28... Rf7 29. Rhf1 Nxd1) 29. Rhf1 (29. Bxg6 $142 $1 {[%mdl 512]} Nxh1 (29... hxg6 30. h7+) 30. f5) 29... Nxd1 30. Rxd1 Rf7 31. Rf1 Bc8 32. b4 Qc7 33. Qxc7 (33. Kb2 $16) 33... Rxc7 $16 {[%mdl 4096] Endgame KRB-KRB. White is slightly better.} 34. Kc1 Kf7 35. Kd2 Bd7 36. Ke3 Ke7 37. Kd4 Kd6 38. Ra1 Rc8 39. Rb1 Ra8 40. c3 Be8 41. Re1 {Precision: White = 40%, Black = 49%.} 1/2-1/2

[Event "48th Bosna Tournament 2018"]
[Site "Sarajevo"]
[Date "2018.05.06"]
[Round "3"]
[White "Manea, Alexandru"]
[Black "Kadric, Denis"]
[Result "0-1"]
[WhiteElo "2402"]
[BlackElo "2500"]
[Annotator "TA"]
[PlyCount "80"]
[EventDate "2018.??.??"]
[EventType "swiss"]
[EventCountry "BIH"]
[SourceTitle "playchess.com"]
[Source "ChessBase"]
[SourceQuality "1"]

{[%evp 17,80,0,8,0,2,-77,-67,-80,-56,-60,-50,-57,-62,-85,-80,-83,-75,-136,-58,-41,-53,-50,-47,-60,-38,-58,-12,-46,-26,-24,0,0,0,-27,-22,-54,-42,-56,-56,-101,-91,-90,-89,-117,-123,-145,-132,-137,-141,-152,-62,-127,-112,-133,-136,-139,-112,-185,-178,-465,-458,-432,-436,-2118,-2134]} 1. e4 d6 2. d4 Nf6 3. f3 c5 4. Ne2 cxd4 5. Nxd4 e5 6. Nb3 Be6 7. Nc3 {B55: Sicilian: 2...d6 3 d4 cxd4 4 Nxd4 Nf6 5 f3} (7. c4 Nbd7 8. Be3 b5 9. Na3 a6 10. cxb5 d5 11. bxa6 dxe4 12. Bb5 Nd5 13. Bc5 Nf4 14. O-O Bxb3 15. Qxd7+ Qxd7 16. Bxf8 Rxf8 17. axb3 Rxa6 18. Bxd7+ Kxd7 {½-½ (27) Vitiugov,N (2721)-Duda,J (2710) Czech Republic 2018}) 7... Be7 8. Be3 O-O 9. Qd2 a5 {LiveBook: 4 Games} 10. Bb5 Na6 11. Qf2 $146 (11. O-O $11) ({Predecessor:} 11. Na4 Nc7 12. Bb6 Qc8 13. Bxa5 Nxb5 14. Nb6 Qc6 15. Nxa8 Rxa8 16. Bb4 {0-1 (28) Adelino,Y (1800)-Coelho,R (2000) Joao Pessoa 2016}) 11... Nc7 $17 12. Bb6 d5 13. exd5 Nfxd5 14. Nxd5 Qxd5 15. c4 Bb4+ 16. Ke2 Qd8 17. Qe3 (17. Rhc1 $142) 17... Qc8 (17... Rc8 $17 {Threatens to win with ...Qf6.} 18. a3 (18. Nxa5 $2 Qh4 $19) (18. Qxe5 $2 Bxc4+ 19. Kf2 Bd6 $19) 18... Bd6) 18. Rhc1 $15 Nxb5 19. cxb5 Qe8 {White must now prevent ...a4.} 20. a4 {[#]} e4 $1 {[%mdl 512]} 21. Nd4 (21. Qxe4 Bxb3) 21... f5 {aiming for ...Bd5.} 22. Kf2 Bd5 {And now ...f4 would win.} (22... Qg6 $5 {[%cal Re6d5]} 23. Bc5 Bxc5 24. Rxc5 Rad8 $11) 23. f4 Qe7 (23... Rf6 {looks sharper.} 24. Bc5 g6 25. h3 Qd8 26. Ne2 Rf7) 24. Kg1 g6 25. Nc2 Bd6 $1 $36 {[%mdl 2048] Black is more active.} 26. Rd1 Bf7 27. Rac1 Rfc8 28. g3 {[#]} Bc5 $1 {[%cal Rc5e3]} 29. Bxc5 Rxc5 30. Nd4 {[#] Nc6 is the strong threat.} Rxc1 $1 31. Rxc1 Rd8 32. Rd1 Qb4 33. Rd2 Rc8 (33... h6 $17 34. b3 Rc8) 34. g4 ({Better is} 34. h3 $15) 34... fxg4 $17 35. f5 Rd8 36. Kg2 Qc5 37. Kg3 (37. fxg6 $17 Bxg6 38. Nc2 Rxd2+ 39. Qxd2) 37... Qe5+ 38. Kxg4 $2 (38. Kg2) 38... Rd5 $19 {[%cal Rg6f5] Black is clearly winning.} 39. Kh3 gxf5 {Hoping for ...f4.} 40. Ne2 (40. Qg5+ $142 Qg7 41. Rg2 Qxg5 42. Rxg5+ Bg6 43. Ne2) 40... Qg7 {Precision: White = 39%, Black = 61%.} 0-1

[Event "48th Bosna Tournament 2018"]
[Site "Sarajevo"]
[Date "2018.05.06"]
[Round "3"]
[White "Stoyanov, Tsvetan"]
[Black "Schreiner, Peter"]
[Result "0-1"]
[WhiteElo "2373"]
[BlackElo "2473"]
[Annotator "TA"]
[PlyCount "84"]
[EventDate "2018.??.??"]
[EventType "swiss"]
[EventCountry "BIH"]
[SourceTitle "playchess.com"]
[Source "ChessBase"]
[SourceQuality "1"]

{[%evp 27,84,0,0,0,0,0,0,0,-15,0,0,-3,-10,-26,-20,-56,-52,-59,-53,-66,-58,-66,-71,-53,-59,-62,-74,-84,-79,-126,-84,-86,-82,-173,-167,-185,-173,-170,-168,-263,-204,-665,-620,-619,-620,-604,-569,-563,-551,-781,-788,-780,-779,-763,-747,-698,-693,-1318,-1302]} 1. e4 e5 2. Nf3 Nc6 3. Bc4 Nf6 4. d3 Be7 5. O-O O-O 6. Re1 d6 7. c3 Na5 8. Bb5 a6 9. Ba4 c5 10. Nbd2 b5 11. Bc2 Nc6 12. Nf1 Re8 13. Ng3 h6 14. h3 Be6 15. d4 {C90: Closed Ruy Lopez with 7...d6: Early deviations} (15. Nh2 Bf8 16. Qf3 d5 17. Ng4 Nxg4 18. hxg4 d4 19. Nf5 Rc8 20. Bd2 c4 21. Rad1 dxc3 22. bxc3 cxd3 23. Bxd3 {1-0 (37) Vachier Lagrave,M (2789)-Fressinet,L (2662) Riadh 2017}) 15... cxd4 16. cxd4 exd4 17. Nxd4 {The position is equal.} Nxd4 18. Qxd4 Rc8 19. Bb3 d5 20. exd5 Bxd5 21. Bf4 $146 ({Predecessor:} 21. Be3 Bc5 22. Qd3 Bxb3 23. Qxb3 Bxe3 24. Rxe3 {½-½ (32) Mahdy,K (2393)-Diermair,A (2459) Austria 2014}) 21... Bxb3 22. Qxd8 Rexd8 23. axb3 Bb4 24. Re2 Nd5 $36 {[%mdl 2048] Black is in control.} 25. Bd2 Rd7 26. Bxb4 Nxb4 27. Nf5 {[#] aiming for Ne7+.} Rc5 28. Re8+ Kh7 29. Ne3 Rd3 30. Ra3 (30. Re7 $17) 30... f5 $19 {[%cal Bf7f5,Bf5f4,Bf4f3][%mdl 32] And now ...f4 would win.} 31. Ra1 {[#]} f4 $1 {[%cal Rf4e3]} 32. Ng4 Rxb3 33. Rae1 (33. Re7 $142) 33... Rxb2 34. R1e6 $2 (34. R8e7 Rf5 35. R1e6) 34... Rc1+ {Black is clearly winning.} 35. Kh2 Rbb1 {[%csl Gb1][%cal Rc1h1]} 36. g3 f3 {[%csl Gb1][%cal Rc1h1]} 37. Nf6+ gxf6 {[%csl Gb1][%cal Rc1h1]} 38. R6e7+ Kg6 {[%csl Gb1][%cal Rc1h1]} 39. g4 Kg5 {( -> ...Kh4)} 40. Kg3 Rg1+ 41. Kxf3 Rb3+ 42. Ke2 Nd5 {Precision: White = 42%, Black = 92%.} 0-1

[Event "48th Bosna Tournament 2018"]
[Site "Sarajevo"]
[Date "2018.05.07"]
[Round "4"]
[White "Predke, Alexandr"]
[Black "Kalezic, Blazo"]
[Result "1-0"]
[WhiteElo "2603"]
[BlackElo "2463"]
[Annotator "TA"]
[PlyCount "91"]
[EventDate "2018.??.??"]
[EventType "swiss"]
[EventCountry "BIH"]
[SourceTitle "playchess.com"]
[Source "ChessBase"]
[SourceQuality "1"]

{[%evp 19,91,14,11,10,20,14,21,15,55,21,64,45,31,16,32,19,17,24,85,59,106,41,74,46,121,93,110,105,111,101,100,93,97,105,100,100,100,101,176,181,169,0,0,8,85,61,96,91,94,72,64,0,0,0,10,-28,-24,-23,-24,-68,-31,-43,0,0,14,14,378,431,378,375,1358,1180,29989,9880]} 1. e4 e6 2. d4 d5 3. e5 c5 4. c3 Nc6 5. Nf3 Nge7 6. Na3 Nf5 7. Nc2 cxd4 8. cxd4 Be7 9. Bd3 O-O {C02: French: Advance Variation} (9... Qb6 10. O-O Bd7 11. g4 Nh6 12. h3 Ng8 13. Rb1 h5 14. g5 a5 15. g6 f5 16. exf6 Bxf6 17. Ng5 {1-0 (45) Lagno,K (2540)-Ding,Y (2420) China 2017}) 10. O-O f6 {LiveBook: 3 Games} 11. Bd2 Bd7 {The position is equal.} 12. Qe2 $146 ({Predecessor:} 12. Bxf5 exf5 13. Re1 Re8 14. Bc3 Be6 15. exf6 Bxf6 16. Nb4 Nxb4 17. Bxb4 a5 18. Bc3 Qb6 {½-½ (18) Vananderoye,T (1743)-Lifshitz,S (1686) LSS email 2011}) 12... fxe5 13. dxe5 Rc8 14. Kh1 g6 15. g4 Ng7 16. Nfd4 Bc5 17. Nb3 Bb6 18. f4 d4 (18... a5 $11) 19. Rac1 Qe7 20. Be1 (20. Be4 $16) 20... a5 21. a3 Rf7 ({Black should try} 21... Qd8 $14) 22. Bg3 a4 23. Nd2 {[%cal Bb3d2,Bd2e4,Be4c5][%mdl 32]} Na5 24. Nb4 Rxc1 25. Rxc1 {[%cal Bf1c1,Bc1c4,Bc4c2][%mdl 32]} Bc5 26. Ne4 Nb3 27. Rc4 Ne8 28. Nxc5 b5 (28... Nxc5 $16 {was worth a try.} 29. Rxd4 Nxd3 30. Qxd3 Nc7) 29. Rc2 $18 Nxc5 30. Qf2 $2 ({White should play} 30. Bxb5 $18 Bxb5 31. Qxb5) 30... Nxd3 $11 31. Nxd3 Bc8 (31... Qd8 $1 $11 {remains equal.}) 32. Qxd4 $16 g5 33. Kg1 Bb7 34. h3 h5 35. f5 (35. Nf2 $14) 35... exf5 $11 {[#] Hoping for ...f4.} 36. gxh5 f4 37. Bf2 Qe6 38. Nc5 $1 {[%cal Rc5e6]} Qc6 {[%csl Gb7][%cal Rc6h1]} 39. Kf1 $1 {[%cal Bg1f1,Bf1e2,Be2d2][%mdl 32]} Qh1+ {[%mdl 1024] Black has compensation.} 40. Ke2 Bd5 ({Reject} 40... Qxh3 $6 41. Nxb7 Rxb7 42. Qd5+ Rf7 43. Kd2 $14) 41. Qd3 {aiming for h6.} Ng7 42. h6 $36 {[%mdl 2048] White is more active.} Nf5 $2 {[%mdl 8192]} (42... f3+ $11 {and Black is okay.} 43. Kd2 Qh2) 43. e6 $18 {[%cal Be5e6,Be6e7][%mdl 32]} Rf6 {[#] And now ...Ne3 would win.} 44. e7 $1 {[%cal Re7e8]} f3+ $2 (44... Nxe7 45. h7+ Kg7) 45. Kd2 Bf7 46. Qd8+ {Precision: White = 66%, Black = 29%.} (46. Ne4 $142 Rg6 47. Rc8+ Kh7 48. e8=Q Bxe8 49. Rxe8 Qa1 50. Qd7+ Rg7 51. Qxf5+ Rg6 52. Qd7+ Kxh6 53. Rh8#) 1-0

[Event "48th Bosna Tournament 2018"]
[Site "Sarajevo"]
[Date "2018.05.07"]
[Round "4"]
[White "Kozul, Zdenko"]
[Black "Runic, Zoran"]
[Result "1-0"]
[WhiteElo "2597"]
[BlackElo "2408"]
[Annotator "TA"]
[PlyCount "57"]
[EventDate "2018.??.??"]
[EventType "swiss"]
[EventCountry "BIH"]
[SourceTitle "playchess.com"]
[Source "ChessBase"]
[SourceQuality "1"]

{[%evp 25,57,47,47,60,68,69,87,55,141,143,137,102,97,121,163,152,179,196,208,214,184,153,475,456,557,512,602,605,575,578,561,355,333,329]} 1. d4 Nf6 2. Nf3 e6 3. c4 d5 4. Bg5 Nbd7 {[%cal Bb8d7,Bd7f8,Bf8e6][%mdl 32]} 5. cxd5 exd5 6. Nc3 c6 7. e3 Be7 8. Bd3 Nf8 9. Qc2 Ne6 10. Bh4 g6 11. h3 Nh5 {D36: Queen's Gambit Declined: Exchange Variation: Main line (5 Bg5 c6 6 Qc2)} 12. Bxe7 Qxe7 13. O-O-O Nf6 {LiveBook: 3 Games. White is slightly better.} (13... Bd7 14. Kb1 Nhg7 15. Ne5 f6 16. Bxg6+ hxg6 17. Nxg6 Nxd4 18. exd4 Bf5 19. Nxe7 Bxc2+ 20. Kxc2 Kxe7 {1-0 (41) Korobov,A (2680)-Ipatov,A (2613) Dubai 2014}) 14. g4 Bd7 15. Kb1 Nc7 16. Ne5 Bc8 $146 (16... O-O-O $14) ({Predecessor:} 16... O-O-O 17. Na4 Kb8 18. Nc5 Bc8 19. Qb3 {½-½ (35) Zaja,I (2433)-Zupe,M (2378) Austria 2002}) 17. f4 $16 Nd7 18. e4 {Strongly threatening Nxd5.} Nxe5 19. dxe5 Bd7 20. Qf2 O-O 21. Rhe1 d4 22. Qxd4 Ne6 23. Qf2 g5 $2 {[#]} (23... Rad8 $16 24. Bc2 Bc8) 24. f5 $18 Nc5 25. Bc2 Qxe5 26. h4 f6 27. hxg5 fxg5 28. Qd4 Qxd4 29. Rxd4 {Precision: White = 88%, Black = 33%.} 1-0

[Event "48th Bosna Tournament 2018"]
[Site "Sarajevo"]
[Date "2018.05.07"]
[Round "4"]
[White "Fier, Alexandr"]
[Black "Ivic, Velimir"]
[Result "1/2-1/2"]
[WhiteElo "2580"]
[BlackElo "2405"]
[Annotator "TA"]
[PlyCount "75"]
[EventDate "2018.??.??"]
[EventType "swiss"]
[EventCountry "BIH"]
[SourceTitle "playchess.com"]
[Source "ChessBase"]
[SourceQuality "1"]

{[%evp 17,75,0,0,0,0,0,0,0,0,0,0,0,23,0,0,0,0,0,-17,-14,0,0,0,0,16,16,16,0,0,0,0,0,3,3,8,9,16,16,17,0,0,0,0,0,6,0,0,0,14,14,14,0,0,0,0,0,0,0,0,0]} 1. Nf3 Nf6 2. c4 g6 3. b3 Bg7 4. Bb2 O-O 5. g3 d6 6. d4 e5 7. dxe5 {E60: King's Indian: Unusual lines and Fianchetto Variation without Nc3} dxe5 (7... Nfd7 8. Bg2 Nxe5 9. Qd2 Nbc6 10. O-O Bg4 11. Nxe5 Nxe5 12. Bd4 Qc8 13. f4 Nc6 14. Bxg7 Kxg7 15. Nc3 Ne7 16. e4 {½-½ (78) Nakamura,H (2793)-Caruana,F (2787) Saint Louis 2015}) 8. Qxd8 Rxd8 9. Nxe5 Na6 {LiveBook: 3 Games} 10. Nd3 Bf5 11. Nc3 Bxd3 12. exd3 Nb4 13. O-O-O Ng4 14. Rd2 Ne5 $146 ({Predecessor:} 14... Re8) 15. Kb1 (15. Nd5 {is more complex.} Nxd5 16. cxd5 Rxd5 17. d4 Nc6 18. Bg2) 15... Nexd3 {The position is equal.} 16. Bxd3 Rxd3 17. Rxd3 Nxd3 18. Rd1 $1 {[%cal Rd1d3]} Nxb2 19. Kxb2 $11 {[%mdl 4096] Endgame KRB-KRN} Re8 {[#] Hoping for ...Re2+.} 20. Kc2 Bxc3 21. Kxc3 {KR-KR} Kf8 22. Rd7 Re7 23. Rd8+ Re8 24. Rxe8+ Kxe8 {KP-KP} 25. Kd4 Ke7 26. b4 c6 27. g4 h6 28. a4 Kd6 29. h4 g5 30. h5 b6 31. Ke4 {Black must now prevent Kf5.} Ke6 $1 32. a5 bxa5 33. bxa5 a6 $1 34. c5 f6 $1 35. f4 $1 gxf4 36. Kxf4 Ke7 $1 37. Kf5 {[#] aiming for Kg6.} Kf7 38. Ke4 {Precision: White = 57%, Black = 76%.} 1/2-1/2

[Event "48th Bosna Tournament 2018"]
[Site "Sarajevo"]
[Date "2018.05.07"]
[Round "4"]
[White "Kadric, Denis"]
[Black "Brkic, Ante"]
[Result "0-1"]
[WhiteElo "2500"]
[BlackElo "2598"]
[Annotator "TA"]
[PlyCount "95"]
[EventDate "2018.??.??"]
[EventType "swiss"]
[EventCountry "BIH"]
[SourceTitle "playchess.com"]
[Source "ChessBase"]
[SourceQuality "1"]

{[%evp 13,95,0,2,-20,-17,-38,-30,-31,-3,-26,25,10,23,-15,51,-24,0,-10,-16,-20,-19,-25,-27,-30,-22,-47,3,0,0,0,0,0,0,0,8,0,0,0,0,0,0,0,0,0,8,0,8,8,10,-4,-6,-3,-5,-11,-31,-42,-8,-8,0,-14,0,-32,-12,-273,-304,-338,-338,-297,-303,-386,-386,-386,-383,-379,-370,-505,-505,-469,-468,-505,-498,-487,-485,-457]} 1. e4 c5 2. Be2 Nc6 3. f4 e6 4. Nf3 d5 5. d3 Bd6 6. O-O {B21: Sicilian: 2 f4 and Morra Gambit} Nge7 7. c3 f6 {LiveBook: 6 Games} 8. a3 $146 {The position is equal.} ({Predecessor:} 8. Na3 a6 9. Nc2 Qc7 10. g3 O-O 11. Be3 b6 12. Qd2 Bb7 13. Rae1 {0-1 (43) Kovalev,V (2639)-Volokitin,A (2628) Riadh 2017}) 8... O-O 9. b4 Qc7 10. g3 Rd8 11. Qe1 {Black should prevent b5.} b5 (11... e5 $142 12. f5 Bd7) 12. Be3 $11 d4 13. cxd4 Nxd4 ({Black should play} 13... cxd4 $11 14. Nxd4 Bxf4 15. gxf4 (15. Bxf4 Qb6 $11) 15... Nxd4) 14. Nxd4 ({White should try} 14. Bxd4 $14 cxd4 15. Nbd2 (15. Nxd4 Qb6 $11)) 14... cxd4 15. Bxd4 Bxf4 16. gxf4 Rxd4 17. Qf2 Rd8 18. Nd2 a5 19. Rac1 Qa7 20. Nb3 axb4 21. axb4 Qxf2+ 22. Kxf2 Ng6 23. Ke3 e5 24. f5 Nf4 25. Ra1 Rxa1 26. Rxa1 g6 27. fxg6 hxg6 28. Nc5 Kg7 29. Bf3 Rd4 30. Ra7+ Kh6 31. Rf7 Kg5 32. Rh7 {[%csl Gh7][%cal Rh2h4] [#]} Nh5 33. Bxh5 gxh5 {[%mdl 4096] Endgame KRB-KRN} 34. Rh8 {Rg8+ is the strong threat.} Bg4 35. Na6 Rd6 36. Nc5 Rd4 37. Na6 Kh4 (37... f5 $5 {[%cal Rf5f4]} 38. Rg8+ Kh4 39. exf5 Bxf5 $15) 38. Nc7 $2 {[%mdl 8192]} (38. Rf8 $11 {and White is okay.}) 38... Rxb4 $19 39. Nd5 Rb2 {[%csl Gg4][%cal Rb2e2]} 40. d4 Rxh2 41. Nxf6 Rh3+ 42. Kd2 exd4 43. Rd8 Rf3 44. e5 Rf2+ {Black is clearly winning.} 45. Kc1 Re2 46. Rd5 {[#]} d3 $1 47. Rxd3 {and the idea Rd5 leaves White hopeful.} Rxe5 48. Kb2 {Precision: White = 46%, Black = 55%.} 0-1